000 00448pab a2200169 454500
008 180718b2004 xxu||||| |||| 00| 0 eng d
100 _aVenkateswarlu, Tadiboyina
245 _aGlobalization of business and information technology
260 _c2004
300 _ap.639-50.
362 _aApr
650 _aEnterprises
650 _aGlobalization
650 _aInformation technology
773 _aIndian Journal of Economics
909 _a70141
999 _c70141
_d70141